| 000 | 00427cam a2200181ua 4500 | ||
|---|---|---|---|
| 020 | _c2.00 | ||
| 041 |
_ahin _h |
||
| 082 |
_a891.54 _bKRI/EK |
||
| 100 | _aKrishan, Chandar . | ||
| 245 |
_aEk gadhe ki atmakatha / _cKrishan Chandar. _hTextual Documents |
||
| 250 |
_a1 / _b. |
||
| 260 |
_a : _bHind Pocket Books Pvt Ltd. |
||
| 300 | _a136 ; . | ||
| 365 | _a2.00 | ||
| 504 | _a | ||
| 942 | _cBK | ||
| 999 |
_c8000 _d8000 |
||